Southville International School and Colleges
Your cart is empty.
  • Cart
  • Lists
    Public lists list_1 View all
    Your lists Log in to create your own lists
  • Log in to your account
  • Your cookies
  • Search history
Southville International School and Colleges
  • Advanced search
  • Recent comments
  • Most popular
  • Libraries

Log in to your account

Log in with GOOGLE


If you do not have an external account, but do have a local account, you can still log in:

  1. Home
  2. MARC view: Goosebumps presents :
Normal view MARC view ISBD view

Goosebumps presents : (Record no. 110867)

[ view plain ]
MARC details
000 -LEADER
fixed length control field 00518nam a2200181 a 4500
001 - CONTROL NUMBER
control field 0070
005 - DATE AND TIME OF LATEST TRANSACTION
control field 20140414131904.0
008 - FIXED-LENGTH DATA ELEMENTS--GENERAL INFORMATION
fixed length control field 040728s19uu xx 00 eng d
020 ## - INTERNATIONAL STANDARD BOOK NUMBER
International Standard Book Number 0-590-74589-1
050 ## - LIBRARY OF CONGRESS CALL NUMBER
Classification number FIC
Item number St5 1996
100 ## - MAIN ENTRY--PERSONAL NAME
Personal name Hughes, Francine
245 ## - TITLE STATEMENT
Title Goosebumps presents :
Remainder of title return of the mummy /
Statement of responsibility, etc adapted by Francine Hughes.
260 ## - PUBLICATION, DISTRIBUTION, ETC. (IMPRINT)
Place of publication, distribution, etc New York :
Name of publisher, distributor, etc Scholastic,
Date of publication, distribution, etc 1996.
300 ## - PHYSICAL DESCRIPTION
Extent 63 p. : ill. ; cm.
520 ## - SUMMARY, ETC.
Summary, etc Based on the novel by R. L. Stine
650 ## - SUBJECT ADDED ENTRY--TOPICAL TERM
Topical term or geographic name as entry element Fiction.
Holdings
Withdrawn status Lost status Damaged status Use restrictions Home library Current library Shelving location Date acquired Source of acquisition Total Checkouts Full call number Barcode Date last seen Price effective from Koha item type Source of classification or shelving scheme
        Elizalde Library Elizalde Library Fiction Section 03/12/2025 Library Fund   FIC St589 2016 E12486 03/12/2025 03/12/2025 Books Dewey Decimal Classification
        Munich Library Munich Library Fiction Section 07/28/2004     FIC St5 1996 M1377 04/14/2014 04/14/2014 Books  

Goosebumps presents :

APA

Hughes F., . (1996). Goosebumps presents. New York: Scholastic.

Chicago

Hughes Francine, . 1996. Goosebumps presents. New York: Scholastic.

Harvard

Hughes F., . (1996). Goosebumps presents. New York: Scholastic.

MLA

Hughes Francine, . Goosebumps presents. New York: Scholastic. 1996.

  • Place hold
  • Print
  • Cite
  • Add to your cart (remove)
  • Save record
    BIBTEX Dublin Core MARCXML MARC (non-Unicode/MARC-8) MARC (Unicode/UTF-8) MARC (Unicode/UTF-8, Standard) MODS (XML) RIS
  • More searches
    Search for this title in:
    Other Libraries (WorldCat) Other Databases (Google Scholar) Online Stores (Bookfinder.com) Open Library (openlibrary.org)

Exporting to Dublin Core...

SOUTHVILLE LIBRARY

Southville International School and Colleges Library

1281 Tropical Ave. Cor. Luxembourg St., BF Homes International, Las Pinas City

Tel. No. 8256374 / 252358 Loc. 117/146

Powered by Koha